Discurso del Sr. D. Alejandro Pidal y Mon en la velada que en honor del Cardenal González celebró el Ateneo de Madrid la noche del lunes 10 de diciembre de 1894. (Record no. 162099)

MARC details
000 -LEADER
campo de control de longitud fija 00841nam a2200181 i 4500
001 - NÚMERO DE CONTROL
campo de control 162099
003 - IDENTIFICADOR DE NÚMERO DE CONTROL
campo de control ES-MaACL
005 - FECHA Y HORA DE LA ÚLTIMA TRANSACCIÓN
campo de control 20250814220504.0
008 - DATOS DE LONGITUD FIJA--INFORMACIÓN GENERAL
campo de control de longitud fija 931025s1894 sp |||| | spa d
100 1# - ENTRADA PRINCIPAL--NOMBRE DE PERSONA
Nombre de persona Pidal y Mon, Alejandro,
Fechas asociadas al nombre 1846-1913
9 (RLIN) 91890
245 10 - MENCIÓN DEL TÍTULO
Título Discurso del Sr. D. Alejandro Pidal y Mon en la velada que en honor del Cardenal González celebró el Ateneo de Madrid la noche del lunes 10 de diciembre de 1894.
260 ## - PUBLICACIÓN, DISTRIBUCIÓN, ETC.
Lugar de publicación, distribución, etc. Madrid :
Nombre del editor, distribuidor, etc. [s.n.],
Fecha de publicación, distribución, etc. 1894 (
Fabricante Imp., Fund. y Fáb. de tintas de los Hijos de J.A. Garcia)
300 ## - DESCRIPCIÓN FÍSICA
Extensión 27 p. ;
Dimensiones 20 cm.
600 17 - PUNTO DE ACCESO ADICIONAL DE MATERIA--NOMBRE DE PERSONA
Nombre de persona González y Díaz Tuñón, Ceferino,
Fechas asociadas al nombre 1831-1894
Fuente del encabezamiento o término
9 (RLIN) 149958
610 24 - PUNTO DE ACCESO ADICIONAL DE MATERIA--NOMBRE DE ENTIDAD CORPORATIVA
Nombre de entidad corporativa o nombre de jurisdicción como elemento de entrada Ateneo de Madrid-
Subdivisión de forma Conferencias-
Subdivisión cronológica S.XIX.
9 (RLIN) 1910
852 ## - LOCALIZACIÓN
Ubicación ES-MaACL
Número de control de estantería T-871-F-1
Nota libre - Enc. hol., conservando cub. original
-- - Enc. en un vol. facticio
Holdings
Estatus retirado Estado de pérdida Estado de daño No para préstamo Colección Biblioteca de origen Biblioteca actual Ubicación en estantería Fecha de adquisición Total de préstamos Signatura topográfica completa Código de barras Visto por última vez Precio de reemplazo Tipo de ítem Koha
        Colección de folletos Biblioteca del Ateneo de Madrid Biblioteca del Ateneo de Madrid Depósito folletos 17/01/2008   T-871-F-1 1169811 23/02/2023 23/02/2023 Folleto